Statistiques concernant Départements du Listenburg sur une carte

Cliquez ici pour prendre le quiz!

Statistiques générales

  • Ce quiz a été pris 10 fois
  • Le résultat moyen est 8 sur 35

Réponses sur la Carte

Les réponses sont colorées sur une échelle allant du rouge au vert en fonction du pourcentage des utilisateurs qui les ont devinées à leur premier essai. Vous pouvez retrouver ces pourcentages ci-dessous.
 

Statistiques - réponses

Réponse% Correct
Adrias Norte
71%
Adrias Sur
57%
Auseburg
43%
Carmenie
43%
La Pequeña
43%
Strander
43%
Ardentia
29%
Centürland
29%
Fisherein
29%
Franquette
29%
Langerde
29%
Lichtenland
29%
Maarland
29%
Portaière
29%
Achlußluss
14%
Bachßland
14%
Centiertflußland
14%
Herkunftland
14%
Ilamas Costilla
14%
Jesusarh
14%
Kanalerde
14%
Kleinland
14%
Missbalder
14%
Mörnland
14%
Oliveweißland
14%
Serishluss
14%
Siegesschlucht
14%
Talwortes
14%
Virgolkust
14%
Wasserland
14%
Aschenbach
0%
Äußeres Galizien
0%
Chrüterkraft
0%
Frinterland
0%
Geldland
0%

Distribution des résultats

Percentile par nombre de réponses

% des personnes avec chaque résultat

Votre développement - résultats

Vous n’avez pas pris ce quiz